000 00538cam a22002171 4500
001 sa 64009117
003 DLC
005 20260227112059.0
008 881021s1962 io s 000 0 dut
010 _asa 64009117
035 _a(OCoLC)23388827
040 _aDLC
_cMiU
_dDLC
042 _apremarc
043 _aa-io---
050 0 0 _aHF3801
_b.L6
100 1 _aLombogia, D.
245 1 0 _aBuku statistik barang² impor;
260 _aDjakarta,
_c1962.
300 _aiii, 38 l.
_c33 cm.
651 0 _aIndonesia
_xCommerce
_vStatistics.
999 _c61268
_d61268